Risk communication : a handbook for communicating environmental, safety, and health risks /

Bibliographic Details
Main Author: Lundgren, Regina E., 1959-
Other Authors: McMakin, Andrea H., 1957-
Format: Book
Language:English
Published: Piscataway, NJ : Hoboken, N.J. : IEEE Press ; Wiley, 2009.
Edition:4th ed.
Subjects:

MARC

Tag First Indicator Second Indicator Subfields
LEADER 00000cam a2200000 a 4500
001 in00002442607
005 20151111043845.0
008 081213s2009 njua f 001 0 eng c
020 |a 9780470416891 
020 |a 0470416890 
029 1 |a AU@  |b 000044220118 
029 1 |a BWX  |b R7793947 
035 |a (OCoLC)ocn286485054 
035 |a (OCoLC)286485054 
040 |a BTCTA  |c BTCTA  |d YDXCP  |d BWX  |d EUW  |d TXA  |d UtOrBLW 
042 |a pcc 
049 |a TXAM 
050 4 |a T10.68  |b .L86 2009 
082 0 4 |a 601 
100 1 |a Lundgren, Regina E.,  |d 1959- 
245 1 0 |a Risk communication :  |b a handbook for communicating environmental, safety, and health risks /  |c Regina E. Lundgren, Andrea H. McMakin. 
250 |a 4th ed. 
264 1 |a Piscataway, NJ :  |b IEEE Press ;  |a Hoboken, N.J. :  |b Wiley,  |c 2009. 
300 |a xvi, 362 pages :  |b illustrations ;  |c 26 cm. 
336 |a text  |b txt  |2 rdacontent 
337 |a unmediated  |b n  |2 rdamedia 
338 |a volume  |b nc  |2 rdacarrier 
504 |a Includes bibliographical references and index. 
650 0 |a Risk communication  |v Handbooks, manuals, etc. 
650 2 |a Risk Management. 
650 2 |a Risk Reduction Behavior. 
700 1 |a McMakin, Andrea H.,  |d 1957- 
938 |a Baker and Taylor  |b BTCP  |n BK0008101742 
938 |a YBP Library Services  |b YANK  |n 3029794 
938 |a Blackwell Book Service  |b BBUS  |n R7793947  |c $79.95 
945 |a PromptCat  |b 759124 
946 |a stk 
947 |a A14839939013 
994 |a C0  |b TXA 
948 |a cataloged  |b h  |c 2009/8/10  |d c  |e nbehmer  |f 11:49:30 am 
999 |a MARS 
999 f f |s 01d98ed5-c2d3-3485-919e-8b8fbd763447  |i 00413ff8-7ee2-3b1a-93bb-4c4b37ab883c  |t 0 
952 f f |p normal  |a Texas A&M University  |b College Station  |c Sterling C. Evans Library  |d Evans: Library Stacks  |t 0  |e T10.68 .L86 2009  |h Library of Congress classification  |i unmediated -- volume  |m A14839939013 
998 f f |a T10.68 .L86 2009  |t 0  |l Evans: Library Stacks